<?xml version="1.0" encoding="UTF-8"?>
<record
    xmlns:xsi="http://www.w3.org/2001/XMLSchema-instance"
    xsi:schemaLocation="http://www.loc.gov/MARC21/slim http://www.loc.gov/standards/marcxml/schema/MARC21slim.xsd"
    xmlns="http://www.loc.gov/MARC21/slim">

  <leader>00805nam a2200217Ia 4500</leader>
  <datafield tag="952" ind1=" " ind2=" ">
    <subfield code="0">0</subfield>
    <subfield code="1">0</subfield>
    <subfield code="2">ddc</subfield>
    <subfield code="4">0</subfield>
    <subfield code="7">0</subfield>
    <subfield code="9">155567</subfield>
    <subfield code="a">LDD</subfield>
    <subfield code="b">LDD</subfield>
    <subfield code="d">2019-01-17</subfield>
    <subfield code="l">0</subfield>
    <subfield code="o">8H4.7 &#x90F;12</subfield>
    <subfield code="p">H021653</subfield>
    <subfield code="r">2019-01-17</subfield>
    <subfield code="w">2019-01-17</subfield>
    <subfield code="y">H</subfield>
  </datafield>
  <datafield tag="999" ind1=" " ind2=" ">
    <subfield code="c">155825</subfield>
    <subfield code="d">155825</subfield>
  </datafield>
  <controlfield tag="003">LDD</controlfield>
  <controlfield tag="005">20191126153534.0</controlfield>
  <controlfield tag="008">190117s9999    xx            000 0 und d</controlfield>
  <datafield tag="020" ind1=" " ind2=" ">
    <subfield code="a">9789381997796</subfield>
    <subfield code="c">&#x20B9;100</subfield>
  </datafield>
  <datafield tag="040" ind1=" " ind2=" ">
    <subfield code="c">LDD</subfield>
  </datafield>
  <datafield tag="041" ind1=" " ind2=" ">
    <subfield code="a">hi</subfield>
  </datafield>
  <datafield tag="082" ind1=" " ind2=" ">
    <subfield code="2">23</subfield>
    <subfield code="a">8H4.7 &#x90F;12</subfield>
  </datafield>
  <datafield tag="245" ind1=" " ind2="0">
    <subfield code="a">&#x90F;&#x915; &#x925;&#x93E; &#x930;&#x93E;&#x927;&#x93E; &#x92E;&#x94B;&#x939;&#x928; &#x917;&#x94B;&#x915;&#x941;&#x932;/ </subfield>
    <subfield code="c">&#x938;&#x902;&#x92A;&#x93E;&#x926;&#x915; &#x915;&#x93F;&#x936;&#x928; &#x915;&#x93E;&#x932;&#x91C;&#x92F;&#x940; </subfield>
  </datafield>
  <datafield tag="260" ind1=" " ind2=" ">
    <subfield code="b">&#x928;&#x92F;&#x940; &#x915;&#x93F;&#x924;&#x93E;&#x92C;</subfield>
    <subfield code="c">2015</subfield>
    <subfield code="a">&#x926;&#x93F;&#x932;&#x94D;&#x932;&#x940; </subfield>
  </datafield>
  <datafield tag="300" ind1=" " ind2=" ">
    <subfield code="a">x, 128</subfield>
  </datafield>
  <datafield tag="650" ind1=" " ind2=" ">
    <subfield code="a">&#x930;&#x93E;&#x927;&#x93E;&#x92E;&#x94B;&#x939;&#x928; &#x917;&#x94B;&#x915;&#x941;&#x932; </subfield>
    <subfield code="9">9534</subfield>
  </datafield>
  <datafield tag="700" ind1=" " ind2=" ">
    <subfield code="a">&#x915;&#x93E;&#x932;&#x91C;&#x92F;&#x940;  &#x915;&#x93F;&#x936;&#x928;</subfield>
    <subfield code="e">&#x938;&#x902;&#x92A;&#x93E;&#x926;&#x915; </subfield>
    <subfield code="9">6388</subfield>
  </datafield>
  <datafield tag="901" ind1=" " ind2=" ">
    <subfield code="a">STAR                                                        </subfield>
  </datafield>
  <datafield tag="904" ind1=" " ind2=" ">
    <subfield code="a">Reqst by : Satyakam</subfield>
  </datafield>
  <datafield tag="942" ind1=" " ind2=" ">
    <subfield code="2">ddc</subfield>
    <subfield code="c">H</subfield>
    <subfield code="e">23</subfield>
    <subfield code="h">8H4.7 &#x90F;12</subfield>
  </datafield>
</record>
